LEADER 00657nas a2200193 i 4500 001 000000030157 003 CaOOAMICUS 005 20180830125448.0 008 180830n it u0 ita u 040 $aSeMil$bita 245 10$aPsychologica /$cdiretta da Valentino Gambi e Renato Perino. 260 $aRoma :$bPaoline,$c[195-?] 300 $av. ;$c18 cm. 500 $aFondo card. Giovanni Colombo. 700 1 $aPerino, Renato.$0(OLS)http://semarc/name/241 700 1 $aGambi, Valentino.$0(OLS)http://semarc/name/240 941 1 $a3 996 $6245$aPsychologica$9(OLS)http://semarc/title/41033 996 $6260$aRoma :$bPaoline$9(OLS)http://semarc/publisher/29686 LEADER 00828nam a2200217 i 4500 001 000000196848 003 CaOOAMICUS 005 20110202000000.0 008 110202n it u000 u ita u 013 $a175532 040 $aSeMil$bita 245 12$aL'Istituto di Fondazione Cagnola in Gazzada (Varese) 260 $aBergamo :$bS.E.S.A.,$c[19--?] 300 $a18 p. :$bill. ;$c23 cm. 500 $aTitolo preso dalla copertina. 650 4$aGazzada Schianno - Villa Cagnola.$0(OLS)http://semarc/subject/12531 850 $aSeMil 852 $aSeMil$W1$xVenegono$y1$m5B XII 10/5$j147411$B147411$CSeMilBibl$Z2$F158963 $81 961 $aOmaggio: Altro 996 $6245$aL'Istituto di Fondazione Cagnola in Gazzada (Varese)$9(OLS)http://semarc/title/284236 996 $6260$aBergamo :$bS.E.S.A.$9(OLS)http://semarc/publisher/34983